|
|
|
|
| LEADER |
01520nam a2200241 a 4500 |
| 001 |
GR-Patra21260 |
| 008 |
070404s2006 gr g b 001 0 gre d |
| 020 |
|
|
|a 9604451340
|
| 040 |
|
|
|a GrPaTEI
|b gre
|c GR-PaULI
|
| 040 |
|
|
|a GrPaTEI
|b gre
|c GR-PaULI
|
| 082 |
|
0 |
|a 346.082
|2 21
|
| 100 |
1 |
|
|a Αγραπίδη - Γκόρτσου, Βίκη Γρ.
|
| 245 |
1 |
2 |
|a Η Ευρωπαϊκή κεντρική Τράπεζα στο θεσμικό σύστημα της Ευρωπαϊκής Ένωσης /
|c Βίκη Γρ. Αγραπίδη-Γκόρτσου.
|
| 260 |
|
|
|a Αθήνα
|a Θεσσαλονίκη :
|b Σάκκουλας,
|c 2006
|
| 300 |
|
|
|a xxii, 428 σ.
|
| 504 |
|
|
|a Περιλαμβάνει βιλιογραφία: [σ. 395-405] και ευρετήριο.
|
| 650 |
|
4 |
|a Τραπεζικό δίκαιο
|z Ευρωπαϊκή Ένωση
|
| 942 |
|
|
|2 ddc
|
| 952 |
|
|
|0 0
|1 0
|2 ddc
|4 0
|6 346_082000000000000_ΑΓΡ
|7 0
|9 301528
|a LISK
|b LISK
|c BSC
|d 2021-01-17
|e 24
|f 0
|g 0.00
|l 0
|o 346.082 ΑΓΡ
|p 92410031009
|r 2021-01-17 00:00:00
|t 1
|w 2021-01-17
|y BK15
|x 20070404 0 1
|x GrPaTEI
|
| 952 |
|
|
|0 0
|1 0
|2 ddc
|4 0
|6 346_082000000000000_ΑΓΡ
|7 0
|9 301529
|a LISK
|b LISK
|c BSC
|d 2021-01-17
|e 24
|f 0
|g 0.00
|l 0
|o 346.082 ΑΓΡ
|p 92410031010
|r 2021-01-17 00:00:00
|t 1
|w 2021-01-17
|y BK15
|x 20070404 0 1
|x GrPaTEI
|
| 952 |
|
|
|0 0
|1 0
|2 ddc
|4 0
|6 346_082000000000000_ΑΓΡ
|7 1
|9 301530
|a LISK
|b LISK
|c BSC
|d 2021-01-17
|e 24
|f 0
|g 0.00
|l 0
|o 346.082 ΑΓΡ
|p 92410031011
|r 2021-01-17 00:00:00
|t 1
|w 2021-01-17
|y BKN
|x 20070404 0 0
|x GrPaTEI
|
| 971 |
|
|
|a .b26688323
|b 16-04-20
|c 26-09-16
|
| 999 |
|
|
|c 175323
|d 175323
|